Insights and ideas a beginning reader for student’s of English Is A 2nd language

Сохранить в:
Библиографические подробности
Формат:
Опубликовано: 1997
Метки: Добавить метку
Нет меток, Требуется 1-ая метка записи!
Thư viện lưu trữ: Mạng thư viện Đại học Đà Nẵng
LEADER 00486nam a22001811a 4500
001 000037991
003 14286
005 20160412021209.0
008 160412s1997 000
082 |a 4A(07)1507 
245 |a Insights and ideas a beginning reader for student’s of English Is A 2nd language  |c Patricia 
260 |c 1997 
OWN |a LNN 
999 |a From the UDN01 
TYP |a Monograph 
980 |a Mạng thư viện Đại học Đà Nẵng